Návrh a realizácia postprocesora pre CNC AWEA-AF1060 s využitím CAM softvéru pre riadiaci systém HEIDENHAIN

Gespeichert in:
Bibliographische Detailangaben
1. Verfasser: Mesíček, Martin (Verfasst von)
Weitere Verfasser: Halenár, Igor (Betreuung Doktorarbeit)
Format: Manuskript Buch
Sprache:Slowakisch
Veröffentlicht: 2017
Schlagworte:
Online-Zugang:http://is.stuba.sk/zp/portal_zp.pl?podrobnosti=115192
Tags: Tag hinzufügen
Keine Tags, Fügen Sie das erste Tag hinzu!

MARC

LEADER 00000ntm a22000003a 4500
001 stuzp60943
003 SK-STU
005 20170701210428.6
007 ta
008 150427s2015----xo-----f-mn---000-0-slo-d
040 |a STU  |b slo 
041 0 |a slo 
100 1 |a Mesíček, Martin  |u 066000  |4 aut  |U MTF Materiálovotechnologická fakulta  |T MTF Ústav aplikovanej informatiky, automatizácie a mechatroniky  |X 73515  |U M6000  |Y 86  |7 73515 
242 0 1 |a Proposal and realization of post processor for the CNC AWEA-AF1060 by using the CAM software for HEIDENHAIN control system  |y eng 
245 1 0 |a Návrh a realizácia postprocesora pre CNC AWEA-AF1060 s využitím CAM softvéru pre riadiaci systém HEIDENHAIN 
260 |c 2017 
650 4 |a Postprocesor  |2 slo 
650 4 |a Heidenhain  |2 slo 
650 4 |a NC kód  |2 slo 
650 4 |a CNC  |2 slo 
650 4 |a Edgecam  |2 slo 
650 4 |a Edgecam  |2 eng 
650 4 |a CNC  |2 eng 
650 4 |a Post processor  |2 eng 
650 4 |a Heidenhain  |2 eng 
650 4 |a NC code  |2 eng 
700 1 |a Halenár, Igor  |u 066000  |k Z1  |4 ths  |U MTF Materiálovotechnologická fakulta  |T MTF Ústav aplikovanej informatiky, automatizácie a mechatroniky  |X 2860  |U M6000  |Y 86  |7 A000002860 
856 4 |u http://is.stuba.sk/zp/portal_zp.pl?podrobnosti=115192 
996 |c M* BP-8020  |l MMSKP  |s P  |a 0  |w stuzp60943_0001